000 00470nam a2200169Ia 4500
008 090711s9999 xx 000 0 und d
082 _b561
100 _aपवार जयंत
245 _aअधांतर
260 _bपॉप्युलर प्रकाशन
_c1999
300 _a65
600 _aपवार जयंत
630 _aअधांतर
700 _aपवार जयंत
730 _aअधांतर
942 _cBOOK
999 _c335541
_d335541